| 000 | 00654nam a2200241Ia 4500 | ||
|---|---|---|---|
| 001 | 54272 | ||
| 005 | 20240114005417.0 | ||
| 007 | ta | ||
| 008 | 080119s2004 g b000 u 465 u | ||
| 040 | _aCottonCollege,Assam | ||
| 041 | _a465 | ||
| 082 |
_a891.49 _bPe 349 Re |
||
| 100 | _aPegu, Jadav . | ||
| 245 | 0 |
_aReclaming Identity:A Disdiscourse on Bodo / _cJadav Pegu. _hTextual Documents |
|
| 250 | _aIst ed / | ||
| 260 |
_aKokrajhar : _bJwngsar Narzary , _c2004. |
||
| 300 |
_a161p ; _c23cm. |
||
| 653 | _aReclaming Identity:A Disdiscourse on Bodo | ||
| 653 | _aG-Bodo | ||
| 942 |
_2ddc _cBK |
||
| 999 |
_c54235 _d54235 |
||